Ulkazhchakal/ (Record no. 141766)

000 -LEADER
fixed length control field 00441nam a22001571a 4500
020 ## - INTERNATIONAL STANDARD BOOK NUMBER
International Standard Book Number 9789383498079
082 ## - DEWEY DECIMAL CLASSIFICATION NUMBER
Classification number M09
Item number KUM/U
100 ## - MAIN ENTRY--PERSONAL NAME
Personal name Kumaran Mambuzha
9 (RLIN) 156216
245 ## - TITLE STATEMENT
Title Ulkazhchakal/
Statement of responsibility, etc. by Kumaran Mambuzha
260 ## - PUBLICATION, DISTRIBUTION, ETC.
Place of publication, distribution, etc. Sukapuram:
Name of publisher, distributor, etc. Vallthol Vidyapeetham,
Date of publication, distribution, etc. 2014.
300 ## - PHYSICAL DESCRIPTION
Extent 134p.
650 ## - SUBJECT ADDED ENTRY--TOPICAL TERM
Topical term or geographic name entry element Literature Malayalam Criticism
9 (RLIN) 156217
650 ## - SUBJECT ADDED ENTRY--TOPICAL TERM
Topical term or geographic name entry element Literature Malayalam
9 (RLIN) 156218
650 ## - SUBJECT ADDED ENTRY--TOPICAL TERM
Topical term or geographic name entry element Literature
9 (RLIN) 156219
942 ## - ADDED ENTRY ELEMENTS (KOHA)
Koha item type Book
Holdings
Withdrawn status Lost status Damaged status Not for loan Permanent Location Current Location Shelving location Date acquired Cost, normal purchase price Total Checkouts Full call number Barcode Date last seen Price effective from Koha item type
        Sree Sankaracharya University of Sanskrit Sree Sankaracharya University of Sanskrit Stacks 02.05.2019 130.00   M09 KUM/U 095032 02.05.2019 02.05.2019 Book